000 03131nam a22002657a 4500
003 DO-SdBJH
005 20260702190155.0
008 260701b2025 |||||||| |||| 00| 0 spa d
040 _aDO-SdBJH
_bspa
_cDO-SdBJH
041 0 _aspa
090 _aCT CM-0012
_bAMBC 2025
100 1 _aBatista Pujols, Nayeli
_eSustentante
245 1 0 _aAnálisis sobre las implicaciones del personal del Ejército de República Dominicana (ERD) en tareas ajenas a la seguridad del espacio terrestre fronterizo :
_bperíodo 2023-2024 /
_cNayeli Batista Pujols ; asesor metodológico David Aguiar ; asesor de contenido Wascal Montilla Almánzar.
260 _aSanto Domingo, República Dominicana :
_bUNADE,
_c2025.
300 _axv, 84, [03] páginas :
_bgráficas, fotografías.
502 _aTesis y trabajos de grado (Licenciatura en Ciencias Militares)--Universidad Nacional para la Defensa "General Juan Pablo Duarte y Díez", Academia Militar "Batalla de las Carreras", Santo Domingo, 2025.
504 _aIncluye referencias bibliográficas y anexos.
505 _aMisión, roles, funciones y actividades que desarrolla el Ejército de República Dominicana para proteger la frontera terrestre -- Características de la frontera terrestre y su influencia en las tareas, que realizan los miembros del Ejército de República Dominicana -- Implicaciones de la participación del personal del Ejército de República Dominicana, en tareas ajenas a la seguridad fronteriza terrestre.
520 _aEste monográfico analiza las implicaciones operativas, administrativas, legales socioeconómicas de la participación del Ejercito de la República Dominicana (ERD) en funciones ajenas a la seguridad fronteriza durante 2023-2024, utilizando un enfoque cualitativo y documental basado en leyes, decretos e informes institucionales. Aunque el marco jurídico define claramente las funciones castrenses, en la practica se permite que el ERD asuma tareas civiles como construcción, logística y apoyo a la seguridad pública, lo que ha reducido la vigilancia fronteriza y generando un aumento del tráfico ilícito y la migración irregular (30% según CESFRONT y DNCD). Esta desviación afecta la profesionalización militar, la moral del personal, la cadena de mando y la eficiencia operativa, además de provocar repercusiones económicas y sociales en la región fronteriza. Se concluye que estas practicas comprometen la defensa nacional y la estabilidad regional, por lo que se recomienda actualizar el marco doctrinal, definir con claridad las funciones del ERD, fortalecer el presupuesto para equipamiento y entrenamiento y mejorar la coordinación interinstitucional e internacional para garantizar una gestión fronteriza más activa.
650 7 _2lemb
_aSeguridad fronteriza
_vTesis y disertaciones académicas
_xVigilancia fronteriza
_xOperaciones militares
_z Frontera dominico-haitiana
650 7 _2lemb
_aEjército
_vTesis y disertaciones académicas
_xFunciones
_xSeguridad nacional
_zRepública Dominicana
700 1 _aAguiar, David
_easesor metodológico
700 1 _aMontilla Almánzar, Wascal
_easesor de contenido
942 _2CL
_cT
999 _c8743
_d8743